LEADER 01242nam1 2200397 450 001 990002977090203316 005 20070925120329.0 035 $a000297709 035 $aUSA01000297709 035 $a(ALEPH)000297709USA01 035 $a000297709 100 $a20070925d--------km-y0itay50------ba 101 $afre 102 $aFR 105 $a||||||||001yy 200 1 $aFouilles exécutées à Mallia$ele centre politique 210 $aParis$cLibrairie orientaliste Paul Geuthner 215 $av.$d29 cm. 225 2 $aÉtudes crétoises 300 $aIn testa al front.: École française d'Athènes 410 0$12001$aÉtudes crétoises 454 1$12001 461 1$1001-------$12001 463 \1$1001990002977100203316$12001 $a<<1.>> : <> agora (1960-1966) 463 \1$1001990002977120203316$12001 $a<<2.>> : <> crypte hypostyle (1957-1962) 606 0 $aScavi archeologici$yMalia 676 $a939.18 801 0$aIT$bsalbc$gISBD 912 $a990002977090203316 951 $aXI.3.B. 436$bL.M.$cXI.3.B. 959 $aBK 969 $aUMA 979 $aRIVELLI$b90$c20070925$lUSA01$h1157 979 $aRIVELLI$b90$c20070925$lUSA01$h1203 996 $aFOUILLES exècutèes a Mallia$9603901 997 $aUNISA LEADER 01089nam--2200349---450- 001 990006136620203316 005 20160404093520.0 010 $a978-88-7521-585-9 035 $a000613662 035 $aUSA01000613662 035 $a(ALEPH)000613662USA01 035 $a000613662 100 $a20160404d2014----km-y0itay50------ba 101 1 $aita$ceng 102 $aIT 105 $ay|||||||001yy 200 1 $a<>egoismo è inutile$eelogio della gentilezza$fGeorge Saunders$ga cura di Christian Raimo$gtraduzione di Cristiana Mennella 210 $aRoma$cMinumum fax$d2014 215 $a73 p.$d15 cm 454 0$12001$aCongratulations, by the way$91385790 676 $a818.5402 700 1$aSAUNDERS,$bGeorge$f<1958- >$0552645 702 1$aRAIMO,$bChristian 702 1$aMENNELLA,$bCristiana 801 0$aIT$bsalbc$gISBD 912 $a990006136620203316 951 $aXIV Misc..7-8. 18$b249766 L.M.$cXIV Misc..$d387605 959 $aBK 969 $aUMA 979 $aANNAMARIA$b90$c20160404$lUSA01$h0935 996 $aCongratulations, by the way$91385790 997 $aUNISA